| 000 | 00858nam a2200241Ia 4500 | ||
|---|---|---|---|
| 003 | OSt | ||
| 005 | 20220923220552.0 | ||
| 006 | a|||||r|||| 00| 0 | ||
| 007 | ta | ||
| 008 | 220922b |||||||| |||| 00| 0 hin d | ||
| 024 | _a187,657 | ||
| 037 | _cTextual | ||
| 040 |
_aARTS _cARTS _bhin |
||
| 041 |
_2hin _ahin |
||
| 082 | _aW:19, 152L3.1-.4 | ||
| 100 | _aदेवबाला, शान्ति | ||
| 245 | 0 | _aअन्तराष्ट्रीय राजनीति के सिद्वान्त | |
| 246 | _aAntarāṣhṭrīya rājanīti ke sidvānta | ||
| 260 |
_aलखनऊ _b उत्तर प्रदेश हिन्दी ग्रंथ अकादमी _c1973 |
||
| 300 |
_a4 Hkkx _ccm. |
||
| 942 |
_hW:19, 152L3.1-.4 _cTEXL _2CC |
||
| 999 |
_c340734 _d340734 |
||